000 00598nam a22002057a 4500
003 OSt
005 20170410141628.0
008 170410b xxu||||| |||| 00| 0 eng d
020 _a9781451109009
040 _cDMLN
082 _aQY90 B61c 2010
100 _aBishop,Michael L.; Fody,Edward P.;Schoeff,Larry E.
_912090
245 _aClinical Chemistry: techniques,principles,correlations
250 _a6th ed.
260 _aPhiladelphia; Wolters Kluwer,2010
300 _axx,732p; col.ill:28.5cm
504 _areferences and index included
650 _2clinical chemistry
942 _2z
_cSLOAN
999 _c5825
_d5825